000
00305nam a2200133Ia 4500
008
260604s9999 xx 000 0 und d
020
_a
9789393285775
082
_a
891.433 DAS
100
_a
SHYAM SUNDAR DA
_9
35292
245
0
_a
KABIR GRANTHAWALI(HINDI)
260
_b
DPS
500
_a
Kabir
942
_c
BK
999
_c
8061
_d
8061